[Event "US Amateur Team West Championship"]
[Site "chess24.com"]
[Date "2020.02.17"]
[Round "4"]
[White "Dean, Jim"]
[Black "Palusa, Maurya"]
[Result "0-1"]
[Board "1"]
[WhiteFideId "2012340"]
[WhiteTitle "FM"]
[WhiteElo "2208"]
[WhiteCountry "USA"]
[WhiteEloChange "-17"]
[BlackFideId "2094835"]
[BlackElo "1889"]
[BlackCountry "USA"]
[BlackEloChange "17"]

1. d4 {[%clk 1:59:19]} Nf6 {[%clk 1:59:59]} 2. c4 {[%clk 1:58:53]} g6 {[%clk
1:59:58]} 3. Nc3 {[%clk 1:58:49]} Bg7 {[%clk 1:59:57]} 4. Nf3 {[%clk 1:58:44]}
O-O {[%clk 0:00:15]} 5. Bg5 {[%clk 1:58:10]} d6 {[%clk 1:59:22]} 6. e3 {[%clk
1:58:00]} b6 {[%clk 1:59:04]} 7. Be2 {[%clk 1:56:41]} Bb7 {[%clk 1:58:57]} 8. Qc2
{[%clk 1:56:03]} Nbd7 {[%clk 1:52:41]} 9. O-O {[%clk 1:54:18]} h6 {[%clk
1:50:15]} 10. Bh4 {[%clk 1:54:04]} a6 {[%clk 1:42:25]} 11. Rad1 {[%clk 1:49:04]}
Qe8 {[%clk 1:39:49]} 12. d5 {[%clk 1:43:24]} e5 {[%clk 1:25:32]} 13. Nd2 {[%clk
1:21:29]} Nh7 {[%clk 1:14:32]} 14. g4 {[%clk 1:10:06]} Bc8 {[%clk 1:00:11]} 15.
Kh1 {[%clk 1:05:06]} Ndf6 {[%clk 0:55:01]} 16. f3 {[%clk 0:57:51]} Bd7 {[%clk
0:42:48]} 17. Bd3 {[%clk 0:39:49]} Qe7 {[%clk 0:33:57]} 18. h3 {[%clk 0:34:30]}
Ng5 {[%clk 0:26:31]} 19. Kg2 {[%clk 0:33:23]} Rae8 {[%clk 0:24:44]} 20. Rde1
{[%clk 0:31:04]} Qd8 {[%clk 0:18:53]} 21. f4 {[%clk 0:19:53]} exf4 {[%clk
0:16:54]} 22. exf4 {[%clk 0:19:49]} Ngh7 {[%clk 0:16:26]} 23. Nf3 {[%clk
0:15:06]} Qc8 {[%clk 0:14:09]} 24. f5 {[%clk 0:10:52]} gxf5 {[%clk 0:13:49]} 25.
Bxf5 {[%clk 0:10:48]} Bxf5 {[%clk 0:13:41]} 26. Qxf5 {[%clk 0:10:23]} Qxf5 {[%clk
0:13:21]} 27. gxf5 {[%clk 0:10:23]} Nh5 {[%clk 0:12:45]} 28. Be7 {[%clk 0:09:44]}
Nf4+ {[%clk 0:12:13]} 29. Kg3 {[%clk 0:05:01]} Nd3 {[%clk 0:11:50]} 30. Bxf8
{[%clk 0:03:30]} Nxe1 {[%clk 0:11:30]} 31. Bxg7 {[%clk 0:03:26]} Nxf3 {[%clk
0:11:12]} 32. Bxh6 {[%clk 0:03:16]} Nfg5 {[%clk 0:09:06]} 33. h4 {[%clk 0:02:25]}
Ne4+ {[%clk 0:08:15]} 34. Kf4 {[%clk 0:02:15]} Nhf6 {[%clk 0:07:51]} 35. Rg1+
{[%clk 0:00:08]} Kh7 {[%clk 0:07:49]} 36. Bg5 {[%clk 0:00:07]} Nxc3 {[%clk
0:06:32]} 37. bxc3 {[%clk 0:00:07]} Nd7 {[%clk 0:05:42]} 38. h5 {[%clk 0:00:02]}
Rg8 {[%clk 0:02:10]} 39. Re1 {[%clk 0:00:02]} Ne5 {[%clk 0:02:01]} 40. Re3 {[%clk
0:00:01]} f6 {[%clk 0:01:13]} 41. Rg3 {[%clk 0:29:25]} fxg5+ {[%clk 0:27:59]} 42.
Rxg5 {[%clk 0:29:25]} Nd3+ {[%clk 0:26:38]} 43. Kg4 {[%clk 0:29:25]} Nf2+ {[%clk
0:26:32]} 44. Kh4 {[%clk 0:29:22]} Rxg5 {[%clk 0:26:02]} 45. Kxg5 {[%clk
0:29:21]} Ne4+ {[%clk 0:26:02]} 46. Kf4 {[%clk 0:29:03]} Nf6 {[%clk 0:25:50]} 47.
Kg5 {[%clk 0:28:51]} Kg7 {[%clk 0:25:40]} 48. h6+ {[%clk 0:27:06]} Kf7 {[%clk
0:25:30]} 49. a4 {[%clk 0:26:18]} Nh7+ {[%clk 0:25:21]} 0-1

[Event "US Amateur Team West Championship"]
[Site "chess24.com"]
[Date "2020.02.17"]
[Round "4"]
[White "Langreck, John"]
[Black "Lee, Yesun"]
[Result "1-0"]
[Board "3"]
[WhiteFideId "2003350"]
[WhiteElo "2161"]
[WhiteCountry "USA"]
[WhiteEloChange "2"]
[BlackFideId "30951879"]
[BlackElo "1650"]
[BlackCountry "USA"]
[BlackEloChange "-2"]

1. Nf3 {[%clk 1:58:16]} d5 {[%clk 2:00:00]} 2. c4 {[%clk 1:58:16]} c6 {[%clk
1:59:51]} 3. e3 {[%clk 1:58:16]} Nf6 {[%clk 1:59:50]} 4. Nc3 {[%clk 1:58:16]} e6
{[%clk 1:59:27]} 5. b3 {[%clk 1:57:34]} Bd6 {[%clk 1:59:20]} 6. Bb2 {[%clk
1:57:10]} Nbd7 {[%clk 1:59:10]} 7. Qc2 {[%clk 1:57:01]} O-O {[%clk 1:56:37]} 8.
Be2 {[%clk 1:56:07]} Re8 {[%clk 1:56:04]} 9. d4 {[%clk 1:47:45]} Qe7 {[%clk
1:52:27]} 10. O-O {[%clk 1:41:19]} b6 {[%clk 1:46:06]} 11. e4 {[%clk 1:39:37]}
dxe4 {[%clk 1:45:39]} 12. Nxe4 {[%clk 1:39:24]} Nxe4 {[%clk 1:45:32]} 13. Qxe4
{[%clk 1:39:24]} Bb7 {[%clk 1:45:28]} 14. Ne5 {[%clk 1:34:29]} Nf6 {[%clk
1:39:57]} 15. Qe3 {[%clk 1:32:16]} c5 {[%clk 1:39:05]} 16. Bf3 {[%clk 1:30:41]}
cxd4 {[%clk 1:37:23]} 17. Bxd4 {[%clk 1:29:49]} Bxf3 {[%clk 1:36:46]} 18. Qxf3
{[%clk 1:29:23]} Bxe5 {[%clk 1:29:23]} 19. Bxe5 {[%clk 1:29:23]} Nd7 {[%clk
1:29:16]} 20. Bc3 {[%clk 1:27:11]} Qg5 {[%clk 1:28:26]} 21. Rad1 {[%clk 1:26:05]}
Ne5 {[%clk 1:26:41]} 22. Qg3 {[%clk 1:22:50]} Qxg3 {[%clk 1:26:20]} 23. hxg3
{[%clk 1:22:50]} Ng6 {[%clk 1:25:58]} 24. Rd7 {[%clk 1:21:46]} Nf8 {[%clk
1:24:23]} 25. Rc7 {[%clk 1:15:39]} Rec8 {[%clk 1:24:22]} 26. Rb7 {[%clk 1:15:28]}
Rcb8 {[%clk 1:23:47]} 27. Rxb8 {[%clk 1:14:44]} Rxb8 {[%clk 1:23:47]} 28. Rd1
{[%clk 1:14:00]} f6 {[%clk 1:21:07]} 29. Bb4 {[%clk 1:08:24]} Kf7 {[%clk
1:20:18]} 30. Bxf8 {[%clk 1:07:57]} Kxf8 {[%clk 1:20:18]} 31. Rd7 {[%clk
1:07:51]} a5 {[%clk 1:19:36]} 32. a4 {[%clk 1:04:29]} h5 {[%clk 1:16:46]} 33. Kf1
{[%clk 1:04:21]} Kg8 {[%clk 1:16:24]} 34. Ke2 {[%clk 1:03:32]} Kh7 {[%clk
1:16:23]} 35. Kd3 {[%clk 1:00:34]} Kg6 {[%clk 1:13:00]} 36. Kc3 {[%clk 0:58:49]}
Kf5 {[%clk 1:03:02]} 37. Rxg7 {[%clk 0:56:00]} Ke5 {[%clk 1:01:28]} 38. Rh7
{[%clk 0:53:23]} f5 {[%clk 1:01:04]} 39. Rxh5 {[%clk 0:52:28]} Kd6 {[%clk
1:01:01]} 40. b4 {[%clk 0:47:31]} axb4+ {[%clk 1:00:04]} 41. Kxb4 {[%clk
0:47:14]} Rc8 {[%clk 0:59:21]} 42. Rh4 {[%clk 0:40:19]} Rc5 {[%clk 0:57:54]} 43.
Rd4+ {[%clk 0:39:15]} Kc6 {[%clk 0:57:49]} 44. f4 {[%clk 0:30:53]} Kc7 {[%clk
0:55:56]} 45. Rd3 {[%clk 0:19:22]} Rc6 {[%clk 0:53:37]} 46. g4 {[%clk 0:04:23]}
fxg4 {[%clk 0:53:19]} 47. Rg3 {[%clk 0:04:18]} Rc5 {[%clk 0:47:22]} 48. Rxg4
{[%clk 0:03:59]} Rf5 {[%clk 0:47:10]} 49. g3 {[%clk 0:03:19]} Kc6 {[%clk
0:45:48]} 50. Rg6 {[%clk 0:02:56]} Kd6 {[%clk 0:45:45]} 51. Rg5 {[%clk 0:01:14]}
Rf7 {[%clk 0:45:24]} 52. Kb5 {[%clk 0:29:30]} Rc7 {[%clk 1:15:05]} 53. Kxb6
{[%clk 0:28:18]} Rxc4 {[%clk 1:15:01]} 54. a5 {[%clk 0:28:00]} Rc6+ {[%clk
1:13:36]} 55. Kb7 {[%clk 0:26:42]} Rc3 {[%clk 1:13:12]} 56. Rb5 {[%clk 0:22:29]}
Rxg3 {[%clk 1:12:47]} 57. a6 {[%clk 0:22:25]} Rg7+ {[%clk 1:12:36]} 58. Kb6
{[%clk 0:22:14]} Rc7 {[%clk 1:12:02]} 59. a7 {[%clk 0:21:49]} Rc6+ {[%clk
1:11:52]} 60. Kb7 {[%clk 0:21:00]} Rc7+ {[%clk 1:11:41]} 61. Kb8 {[%clk 0:20:56]}
Kd7 {[%clk 1:11:30]} 62. Rb7 {[%clk 0:20:33]} 1-0

[Event "US Amateur Team West Championship"]
[Site "chess24.com"]
[Date "2020.02.17"]
[Round "4"]
[White "Krishnan, Saatvik"]
[Black "Hollinberger, Drew"]
[Result "0-1"]
[Board "4"]
[WhiteFideId "30957125"]
[WhiteElo "1671"]
[WhiteCountry "USA"]
[WhiteEloChange "-3"]
[BlackFideId "2031760"]
[BlackElo "1955"]
[BlackCountry "USA"]
[BlackEloChange "3"]

1. Nf3 {[%clk 2:00:00]} Nf6 {[%clk 1:59:25]} 2. g3 {[%clk 1:59:58]} d5 {[%clk
1:59:08]} 3. Bg2 {[%clk 1:59:55]} Nc6 {[%clk 1:56:19]} 4. O-O {[%clk 1:59:50]} e5
{[%clk 1:56:14]} 5. d3 {[%clk 1:59:49]} Be7 {[%clk 1:55:32]} 6. Nbd2 {[%clk
1:59:34]} h6 {[%clk 1:55:08]} 7. e4 {[%clk 1:59:21]} O-O {[%clk 1:51:06]} 8. exd5
{[%clk 1:58:38]} Nxd5 {[%clk 1:44:10]} 9. c3 {[%clk 1:57:40]} Nb6 {[%clk
1:36:30]} 10. Qe2 {[%clk 1:51:54]} Bf6 {[%clk 1:31:19]} 11. b4 {[%clk 1:49:45]}
Nxb4 {[%clk 1:19:22]} 12. Ba3 {[%clk 1:44:34]} Qxd3 {[%clk 1:11:50]} 13. Qxd3
{[%clk 1:43:12]} Nxd3 {[%clk 1:11:50]} 14. Bxf8 {[%clk 1:42:57]} Kxf8 {[%clk
1:11:40]} 15. Ne4 {[%clk 1:42:08]} Be7 {[%clk 1:07:09]} 16. Rfd1 {[%clk 1:37:10]}
f5 {[%clk 0:04:35]} 17. Ned2 {[%clk 1:34:41]} e4 {[%clk 0:59:15]} 18. Nd4 {[%clk
0:03:42]} c5 {[%clk 0:55:45]} 19. Ne2 {[%clk 1:25:50]} c4 {[%clk 0:54:17]} 20. g4
{[%clk 1:18:35]} Bc5 {[%clk 0:52:59]} 21. gxf5 {[%clk 1:11:09]} Nxf2 {[%clk
0:49:59]} 22. Rf1 {[%clk 1:09:48]} Nd1+ {[%clk 0:38:21]} 23. Kh1 {[%clk 1:07:42]}
Nf2+ {[%clk 0:37:31]} 24. Rxf2 {[%clk 1:05:33]} Bxf2 {[%clk 0:36:54]} 25. Nxe4
{[%clk 1:05:05]} Bh4 {[%clk 0:34:17]} 26. Nd4 {[%clk 1:02:46]} Bf6 {[%clk
0:31:49]} 27. Nxf6 {[%clk 1:00:09]} gxf6 {[%clk 0:31:49]} 28. a4 {[%clk 0:59:28]}
a6 {[%clk 0:25:30]} 29. a5 {[%clk 0:58:36]} Nd7 {[%clk 0:25:18]} 30. Ne6+ {[%clk
0:57:45]} Ke7 {[%clk 0:24:39]} 31. Rd1 {[%clk 0:55:13]} Ra7 {[%clk 0:23:00]} 32.
Bd5 {[%clk 0:52:00]} b5 {[%clk 0:22:23]} 33. Nf4 {[%clk 0:46:06]} Ne5 {[%clk
0:15:51]} 34. Rg1 {[%clk 0:44:27]} Kd6 {[%clk 0:15:46]} 35. Rd1 {[%clk 0:37:24]}
Nd3 {[%clk 0:12:51]} 36. Nxd3 {[%clk 0:35:46]} Kxd5 {[%clk 0:10:50]} 37. Nb4+
{[%clk 0:34:33]} Ke4 {[%clk 0:10:29]} 38. Nc6 {[%clk 0:32:54]} Rg7 {[%clk
0:09:30]} 39. Nd4 {[%clk 0:27:18]} Bb7 {[%clk 0:08:37]} 40. h4 {[%clk 0:26:50]}
Kf4+ {[%clk 0:04:24]} 41. Kh2 {[%clk 0:26:16]} Rg2+ {[%clk 0:04:07]} 42. Kh3
{[%clk 0:26:04]} Rg3+ {[%clk 0:04:07]} 43. Kh2 {[%clk 0:25:55]} Kg4 {[%clk
0:03:14]} 44. Rd2 {[%clk 0:20:32]} Rxc3 {[%clk 0:01:19]} 45. Kg1 {[%clk 0:19:23]}
Rd3 {[%clk 0:25:38]} 46. Rxd3 {[%clk 0:48:25]} cxd3 {[%clk 0:25:35]} 47. Kf2
{[%clk 0:47:38]} Kf4 {[%clk 0:25:21]} 48. Ne6+ {[%clk 0:47:03]} Kxf5 {[%clk
0:18:53]} 49. Nc5 {[%clk 0:46:46]} Bc8 {[%clk 0:18:27]} 50. Ke3 {[%clk 0:46:26]}
Kg4 {[%clk 0:17:26]} 51. Nxd3 {[%clk 0:45:28]} Kxh4 {[%clk 0:16:56]} 52. Kf4
{[%clk 0:45:18]} Kh5 {[%clk 0:14:00]} 53. Ke4 {[%clk 0:45:10]} Kg5 {[%clk
0:13:11]} 54. Kd5 {[%clk 0:44:54]} h5 {[%clk 0:11:03]} 55. Kc6 {[%clk 0:44:20]}
h4 {[%clk 0:09:43]} 56. Kc7 {[%clk 0:44:01]} h3 {[%clk 0:06:52]} 57. Nf2 {[%clk
0:43:12]} h2 {[%clk 0:05:42]} 58. Kxc8 {[%clk 0:41:46]} Kf4 {[%clk 0:03:40]} 59.
Kb7 {[%clk 0:41:04]} Kf3 {[%clk 0:03:21]} 60. Nd3 {[%clk 0:40:45]} Ke3 {[%clk
0:02:22]} 61. Nc5 {[%clk 0:40:37]} h1Q+ {[%clk 0:02:15]} 62. Kb6 {[%clk 0:40:22]}
b4 {[%clk 0:01:32]} 63. Nxa6 {[%clk 0:40:02]} b3 {[%clk 0:01:29]} 64. Nb4 {[%clk
0:39:41]} b2 {[%clk 0:01:28]} 65. Nc2+ {[%clk 0:39:35]} Kd2 {[%clk 0:01:23]} 66.
Na3 {[%clk 0:39:31]} Qa8 {[%clk 0:01:11]} 67. a6 {[%clk 0:39:23]} Kc1 {[%clk
0:01:11]} 68. a7 {[%clk 0:39:20]} b1Q+ {[%clk 0:01:10]} 69. Nxb1 {[%clk 0:39:17]}
Kxb1 {[%clk 0:01:10]} 70. Ka6 {[%clk 0:39:14]} f5 {[%clk 0:01:10]} 71. Kb6 {[%clk
0:39:13]} f4 {[%clk 0:01:10]} 72. Ka6 {[%clk 0:39:12]} f3 {[%clk 0:01:09]} 73.
Kb6 {[%clk 0:39:12]} f2 {[%clk 0:01:08]} 74. Ka6 {[%clk 0:39:12]} f1Q+ {[%clk
0:01:07]} 75. Kb6 {[%clk 0:39:12]} Qc4 {[%clk 0:00:52]} 76. Ka5 {[%clk 0:39:08]}
Qxa7# {[%clk 0:00:52]} 0-1

[Event "US Amateur Team West Championship"]
[Site "chess24.com"]
[Date "2020.02.17"]
[Round "5"]
[White "Wu, Rochelle"]
[Black "Zierk, Steven"]
[Result "0-1"]
[Board "1"]
[WhiteFideId "30908132"]
[WhiteTitle "WIM"]
[WhiteElo "2032"]
[WhiteCountry "USA"]
[WhiteEloChange "-2"]
[BlackFideId "2034255"]
[BlackTitle "GM"]
[BlackElo "2497"]
[BlackCountry "USA"]
[BlackEloChange "1"]

1. d4 {[%clk 1:56:04]} d5 {[%clk 1:59:55]} 2. c4 {[%clk 1:55:49]} dxc4 {[%clk
1:59:35]} 3. e4 {[%clk 1:55:05]} Nf6 {[%clk 1:59:34]} 4. e5 {[%clk 1:54:45]} Nd5
{[%clk 1:59:32]} 5. Bxc4 {[%clk 1:54:42]} Nc6 {[%clk 1:59:26]} 6. Nf3 {[%clk
1:53:22]} Bf5 {[%clk 1:58:24]} 7. O-O {[%clk 1:45:45]} Nb6 {[%clk 1:58:03]} 8.
Bb3 {[%clk 1:45:12]} e6 {[%clk 1:58:02]} 9. Be3 {[%clk 1:37:36]} Qd7 {[%clk
1:55:22]} 10. h3 {[%clk 1:35:19]} O-O-O {[%clk 1:53:41]} 11. Nc3 {[%clk 1:34:29]}
h6 {[%clk 1:47:52]} 12. Qe2 {[%clk 1:32:18]} Nb4 {[%clk 1:41:55]} 13. Rfd1 {[%clk
1:30:01]} N4d5 {[%clk 1:40:15]} 14. a4 {[%clk 1:22:53]} a5 {[%clk 1:39:02]} 15.
Nd2 {[%clk 1:22:50]} Kb8 {[%clk 1:33:04]} 16. Nde4 {[%clk 1:19:25]} Be7 {[%clk
1:23:11]} 17. Nc5 {[%clk 1:13:49]} Qc6 {[%clk 1:20:54]} 18. Nxd5 {[%clk 1:13:05]}
Nxd5 {[%clk 1:20:19]} 19. Rac1 {[%clk 1:13:02]} Qb6 {[%clk 1:17:22]} 20. Bxd5
{[%clk 1:09:13]} Rxd5 {[%clk 1:17:09]} 21. Rc3 {[%clk 1:08:49]} Bxc5 {[%clk
1:15:02]} 22. Rxc5 {[%clk 1:08:49]} Rhd8 {[%clk 1:13:03]} 23. Rdc1 {[%clk
1:07:50]} Rxc5 {[%clk 1:11:29]} 24. Rxc5 {[%clk 1:05:39]} Qb4 {[%clk 1:09:52]}
25. Qc4 {[%clk 1:01:35]} Qxc4 {[%clk 1:05:50]} 26. Rxc4 {[%clk 1:01:35]} Be4
{[%clk 1:05:21]} 27. Rc5 {[%clk 0:59:54]} b6 {[%clk 1:00:59]} 28. Rc3 {[%clk
0:58:34]} Kb7 {[%clk 0:59:35]} 29. f3 {[%clk 0:56:33]} Bc6 {[%clk 0:59:27]} 30.
b3 {[%clk 0:56:31]} Bd5 {[%clk 0:58:07]} 31. Kf2 {[%clk 0:56:12]} c6 {[%clk
0:57:09]} 32. Bd2 {[%clk 0:51:24]} Ra8 {[%clk 0:55:12]} 33. Bc1 {[%clk 0:46:47]}
b5 {[%clk 0:53:37]} 34. Bd2 {[%clk 0:46:46]} Ka6 {[%clk 0:48:00]} 35. Rc5 {[%clk
0:33:13]} b4 {[%clk 0:43:07]} 36. Rc2 {[%clk 0:30:50]} Bxb3 {[%clk 0:41:29]} 37.
Rxc6+ {[%clk 0:30:46]} Kb7 {[%clk 0:41:29]} 38. Rc5 {[%clk 0:30:17]} Bxa4 {[%clk
0:41:06]} 39. Ke3 {[%clk 0:30:07]} Bc6 {[%clk 0:39:47]} 40. Kd3 {[%clk 0:29:45]}
Bd5 {[%clk 0:39:26]} 41. Rb5+ {[%clk 0:29:21]} Ka6 {[%clk 0:38:10]} 42. Rc5
{[%clk 0:29:20]} Rb8 {[%clk 0:37:34]} 43. Kc2 {[%clk 0:28:38]} Rb6 {[%clk
0:37:21]} 44. Rc7 {[%clk 0:27:59]} Rc6+ {[%clk 0:37:19]} 45. Rxc6+ {[%clk
0:27:59]} Bxc6 {[%clk 0:37:19]} 46. Kb2 {[%clk 0:27:55]} Bd5 {[%clk 0:37:17]} 47.
Kc2 {[%clk 0:27:31]} Kb5 {[%clk 0:37:17]} 48. Kb2 {[%clk 0:27:27]} a4 {[%clk
0:37:17]} 49. Be3 {[%clk 0:27:26]} a3+ {[%clk 0:37:17]} 50. Kc2 {[%clk 0:27:26]}
b3+ {[%clk 0:37:13]} 51. Kb1 {[%clk 0:27:18]} b2 {[%clk 0:37:07]} 0-1

[Event "US Amateur Team West Championship"]
[Site "chess24.com"]
[Date "2020.02.17"]
[Round "5"]
[White "Vidyarthi, Vyom"]
[Black "Wu, Derek"]
[Result "0-1"]
[Board "2"]
[WhiteFideId "30931649"]
[WhiteTitle "CM"]
[WhiteElo "2064"]
[WhiteCountry "USA"]
[WhiteEloChange "-9"]
[BlackFideId "30914558"]
[BlackElo "2105"]
[BlackCountry "USA"]
[BlackEloChange "9"]

1. d4 {[%clk 2:00:00]} Nf6 {[%clk 1:56:18]} 2. Bf4 {[%clk 1:59:58]} d5 {[%clk
1:56:07]} 3. e3 {[%clk 1:59:57]} c5 {[%clk 1:56:02]} 4. c3 {[%clk 1:59:57]} Nc6
{[%clk 1:55:58]} 5. Nf3 {[%clk 1:59:57]} e6 {[%clk 1:54:37]} 6. Bd3 {[%clk
1:59:41]} Bd6 {[%clk 1:54:19]} 7. dxc5 {[%clk 1:59:34]} Bxc5 {[%clk 1:53:23]} 8.
Nbd2 {[%clk 1:59:33]} Qe7 {[%clk 1:44:43]} 9. e4 {[%clk 1:55:08]} e5 {[%clk
1:43:05]} 10. Bg5 {[%clk 1:54:48]} d4 {[%clk 1:39:13]} 11. cxd4 {[%clk 1:41:31]}
Nxd4 {[%clk 1:38:06]} 12. Rc1 {[%clk 1:40:19]} O-O {[%clk 1:34:06]} 13. Bxf6
{[%clk 1:33:38]} gxf6 {[%clk 1:34:06]} 14. Nxd4 {[%clk 1:32:02]} Bxd4 {[%clk
1:33:03]} 15. O-O {[%clk 1:28:57]} Bxb2 {[%clk 1:27:22]} 16. Rb1 {[%clk 1:27:59]}
Rd8 {[%clk 1:26:25]} 17. Nf3 {[%clk 1:18:40]} Qa3 {[%clk 1:24:35]} 18. Ne1 {[%clk
1:17:10]} Be6 {[%clk 1:21:57]} 19. Qe2 {[%clk 1:16:17]} Bc3 {[%clk 1:21:10]} 20.
Nc2 {[%clk 1:08:10]} Qe7 {[%clk 1:17:31]} 21. Ne3 {[%clk 1:06:08]} Rd4 {[%clk
1:11:47]} 22. Nd5 {[%clk 1:01:19]} Bxd5 {[%clk 1:11:11]} 23. exd5 {[%clk
1:01:17]} e4 {[%clk 1:09:21]} 24. Bc4 {[%clk 0:59:02]} Kh8 {[%clk 0:58:33]} 25.
Rfc1 {[%clk 0:56:27]} Ba5 {[%clk 0:53:08]} 26. Rd1 {[%clk 0:46:36]} Rxd1+ {[%clk
0:50:16]} 27. Rxd1 {[%clk 0:46:34]} Bc7 {[%clk 0:48:06]} 28. g3 {[%clk 0:41:17]}
Bd6 {[%clk 0:46:41]} 29. Re1 {[%clk 0:38:45]} f5 {[%clk 0:44:51]} 30. Qh5 {[%clk
0:38:13]} Qf6 {[%clk 0:44:10]} 31. Bf1 {[%clk 0:36:17]} Rg8 {[%clk 0:41:16]} 32.
Rb1 {[%clk 0:31:18]} b6 {[%clk 0:37:33]} 33. Bh3 {[%clk 0:22:38]} Rg5 {[%clk
0:37:16]} 34. Qe2 {[%clk 0:21:55]} h5 {[%clk 0:32:51]} 35. Rc1 {[%clk 0:16:28]}
Bc5 {[%clk 0:29:57]} 36. Qa6 {[%clk 0:15:25]} Bxf2+ {[%clk 0:28:37]} 37. Kg2
{[%clk 0:14:19]} Kg7 {[%clk 0:23:52]} 38. Qc8 {[%clk 0:12:55]} Bc5 {[%clk
0:23:14]} 39. Rf1 {[%clk 0:11:15]} f4 {[%clk 0:22:06]} 40. Kh1 {[%clk 0:09:13]}
f3 {[%clk 0:19:37]} 41. Qc6 {[%clk 0:08:17]} Qd4 {[%clk 0:16:01]} 42. Be6 {[%clk
0:06:39]} Qd2 {[%clk 0:13:29]} 43. Bh3 {[%clk 0:06:22]} Qxd5 {[%clk 0:12:53]} 0-1

[Event "US Amateur Team West Championship"]
[Site "chess24.com"]
[Date "2020.02.17"]
[Round "5"]
[White "Saikhanchimeg, Tsogtsaikhan"]
[Black "Tang, Michael"]
[Result "1-0"]
[Board "3"]
[WhiteFideId "4901533"]
[WhiteElo "2042"]
[WhiteCountry "MGL"]
[WhiteEloChange "3"]
[BlackFideId "30927935"]
[BlackElo "1719"]
[BlackCountry "USA"]
[BlackEloChange "-3"]

1. e4 {[%clk 1:47:40]} c6 {[%clk 1:50:00]} 2. d4 {[%clk 1:47:20]} d5 {[%clk
1:50:00]} 3. Nd2 {[%clk 1:44:50]} dxe4 {[%clk 1:50:00]} 4. Nxe4 {[%clk 1:44:50]}
Bf5 {[%clk 1:50:00]} 5. Ng3 {[%clk 1:44:50]} Bg6 {[%clk 1:50:00]} 6. N1e2 {[%clk
1:44:50]} e6 {[%clk 1:49:56]} 7. Nf4 {[%clk 1:43:35]} Bd6 {[%clk 1:39:44]} 8. c3
{[%clk 1:32:09]} Nf6 {[%clk 1:39:23]} 9. Bc4 {[%clk 1:24:52]} Nbd7 {[%clk
1:39:13]} 10. O-O {[%clk 1:19:09]} O-O {[%clk 1:38:46]} 11. Nxg6 {[%clk 1:09:14]}
hxg6 {[%clk 1:38:46]} 12. Bg5 {[%clk 1:09:10]} Qc7 {[%clk 1:38:10]} 13. Qd3
{[%clk 0:55:52]} c5 {[%clk 1:34:13]} 14. Bb3 {[%clk 0:42:18]} Rac8 {[%clk
1:32:04]} 15. Bxf6 {[%clk 0:23:16]} Nxf6 {[%clk 1:28:23]} 16. dxc5 {[%clk
0:23:11]} Qxc5 {[%clk 1:27:40]} 17. Rad1 {[%clk 0:19:33]} Rcd8 {[%clk 1:25:49]}
18. Qf3 {[%clk 0:19:22]} Qc7 {[%clk 1:24:17]} 19. Rfe1 {[%clk 0:18:21]} a6 {[%clk
1:22:48]} 20. Nf1 {[%clk 0:15:58]} Rfe8 {[%clk 1:15:02]} 21. Qh3 {[%clk 0:10:23]}
Nh5 {[%clk 1:04:42]} 22. Rd4 {[%clk 0:08:54]} Bc5 {[%clk 1:02:34]} 23. Rh4 {[%clk
0:06:57]} Be7 {[%clk 0:53:02]} 24. Rc4 {[%clk 0:06:05]} Qb6 {[%clk 0:50:19]} 25.
Qf3 {[%clk 0:04:58]} Bc5 {[%clk 0:49:11]} 26. Rce4 {[%clk 0:03:11]} Nf6 {[%clk
0:47:56]} 27. R4e2 {[%clk 0:03:11]} Rd6 {[%clk 0:47:26]} 28. Nd2 {[%clk 0:03:08]}
Qc7 {[%clk 0:46:35]} 29. Nc4 {[%clk 0:03:08]} Rdd8 {[%clk 0:46:02]} 30. Ne5
{[%clk 0:03:08]} Nd5 {[%clk 0:44:46]} 31. h3 {[%clk 0:02:53]} g5 {[%clk 0:41:16]}
32. Nd3 {[%clk 0:02:30]} Nf4 {[%clk 0:39:50]} 33. Nxf4 {[%clk 0:02:22]} gxf4
{[%clk 0:31:26]} 34. Qg4 {[%clk 0:02:15]} Qd6 {[%clk 0:31:02]} 35. Re5 {[%clk
0:02:03]} Qb6 {[%clk 0:27:20]} 36. Qxf4 {[%clk 0:02:03]} Rd3 {[%clk 0:23:43]} 37.
R5e2 {[%clk 0:01:49]} Qd8 {[%clk 0:21:42]} 38. Bc2 {[%clk 0:01:37]} Rd7 {[%clk
0:20:11]} 39. Qe5 {[%clk 0:01:17]} Rd5 {[%clk 0:18:13]} 40. Qe4 {[%clk 0:01:05]}
Qf6 {[%clk 0:17:45]} 41. Qxd5 {[%clk 0:16:15]} exd5 {[%clk 0:47:45]} 42. Rxe8+
{[%clk 0:16:15]} Bf8 {[%clk 0:47:45]} 43. Bb3 {[%clk 0:12:30]} Qd6 {[%clk
0:42:27]} 44. Rd1 {[%clk 0:06:44]} Qc6 {[%clk 0:41:43]} 45. Rb8 {[%clk 0:05:36]}
Qc7 {[%clk 0:41:04]} 46. Ra8 {[%clk 0:05:26]} g6 {[%clk 0:40:44]} 47. Rxd5 {[%clk
0:04:51]} Kg7 {[%clk 0:40:39]} 48. Rad8 {[%clk 0:04:00]} Qf4 {[%clk 0:39:26]} 49.
R8d7 {[%clk 0:03:03]} Kh6 {[%clk 0:38:18]} 50. Rxf7 {[%clk 0:01:51]} Qxf7 {[%clk
0:34:35]} 51. Rh5+ {[%clk 0:01:51]} Kxh5 {[%clk 0:34:35]} 52. Bxf7 {[%clk
0:01:51]} Kg5 {[%clk 0:34:35]} 53. Kf1 {[%clk 0:01:45]} Kf5 {[%clk 0:34:32]} 54.
Ke2 {[%clk 0:01:31]} g5 {[%clk 0:34:32]} 55. Kf3 {[%clk 0:01:26]} b6 {[%clk
0:34:14]} 56. Be8 {[%clk 0:01:20]} a5 {[%clk 0:33:58]} 57. Bd7+ {[%clk 0:01:20]}
Ke5 {[%clk 0:33:58]} 58. Kg4 {[%clk 0:01:20]} Be7 {[%clk 0:33:58]} 59. g3 {[%clk
0:01:04]} Ke4 {[%clk 0:31:26]} 60. Bb5 {[%clk 0:00:54]} Bd8 {[%clk 0:30:46]} 61.
h4 {[%clk 0:00:45]} gxh4 {[%clk 0:30:46]} 62. gxh4 {[%clk 0:00:45]} Bf6 {[%clk
0:30:38]} 63. h5 {[%clk 0:00:45]} Ke5 {[%clk 0:29:57]} 64. f4+ {[%clk 0:00:45]}
Ke6 {[%clk 0:29:39]} 65. Bc4+ {[%clk 0:00:45]} Ke7 {[%clk 0:29:39]} 66. a4 {[%clk
0:00:38]} Kf8 {[%clk 0:29:08]} 67. h6 {[%clk 0:00:38]} Bh8 {[%clk 0:29:00]} 68.
Kf5 {[%clk 0:00:38]} Ke7 {[%clk 0:29:00]} 69. Kg6 {[%clk 0:00:38]} Bf6 {[%clk
0:29:00]} 70. f5 {[%clk 0:00:32]} Bh8 {[%clk 0:28:45]} 71. Kh7 {[%clk 0:00:32]}
Be5 {[%clk 0:26:55]} 72. Kg8 {[%clk 0:00:32]} 1-0